000 00378nam a2200169Ia 4500
100 _aBhattacharya/S.K/ Chatterji/S
650 _aProjects in electronics
942 _cBK
366 _f17.5
654 _aprojects
245 _aProjects in Electrical
260 _bS.Chand and Co.
_c2009
082 _a371.36/BHA
_bBHA
300 _a430
546 _aENGLISH
999 _c23286
_d23286